000 01680nam a2200229Ia 4500
008 260220t1971||||xx |||||||||||||| ||spa||
040 _aPY-SlUNAC
_bspa
_erda
041 _aspa
082 _a621.92
_bOb7o
245 0 _aObtenga la máxima utilidad de sus herramientas abrasivas
264 _aCiudad de México :
_bDiana,
_c℗1971.
300 _a1 volumen
520 _a"Obtenga la máxima utilidad de sus herramientas abrasivas" es un manual práctico publicado en 1971 en Ciudad de México, escrito por la autora Diana. El libro se centra en la optimización del uso de herramientas abrasivas, ofreciendo una guía exhaustiva para profesionales y aficionados del trabajo con materiales duros. A través de un enfoque didáctico, se abordan temas como la selección adecuada de abrasivos, técnicas de aplicación y mantenimiento de herramientas, así como medidas de seguridad imprescindibles en el manejo de estos instrumentos. Diana proporciona información valiosa sobre las propiedades de diferentes materiales abrasivos y su impacto en la eficiencia y calidad del trabajo realizado. Además, el texto incluye ejemplos prácticos y consejos para maximizar la durabilidad de las herramientas y mejorar la productividad en procesos de corte, pulido y acabado. Este libro se convierte en un recurso esencial para quienes buscan perfeccionar su técnica y realizar trabajos de alta calidad en la industria y la artesanía.
653 _aHerramientas
653 _aIndustria
653 _aTecnología
942 _b2026/02/17
_cBK
999 _c8586
_d8586